Diferencias individuales en el procesamiento léxico (Record no. 66019)

MARC details
000 -CABECERA
campo de control de longitud fija 00562nam a2200205 a 4500
005 - FECHA Y HORA DE LA ÚLTIMA TRANSACCIÓN
campo de control 20210219153013.0
008 - ELEMENTOS DE LONGITUD FIJA--INFORMACIÓN GENERAL
campo de control de longitud fija 991125n 000 0 spa u
035 ## - NÚMERO DE CONTROL DEL SISTEMA
Número de control de sistema UPN01000072621
222 ## - TÍTULO CLAVE
Título clave ESTUDIOS DE PSICOLOGIA
245 ## - MENCIÓN DE TÍTULO
Título Diferencias individuales en el procesamiento léxico
260 ## - PUBLICACIÓN, DISTRIBUCIÓN, ETC.
Lugar de publicación, distribución, etc. Madrid, España
300 ## - DESCRIPCIÓN FÍSICA
Extensión 15-27
362 ## - FECHAS DE PUBLICACIÓN Y/O DESIGNACIÓN SECUENCIAL
Fecha de publicación y/o designación secuencial 1997 No. 57
653 0# - TERMINO DE INDIZACION - NO CONTROLADO
Término no controlado COMPRENSION LECTORA
653 0# - TERMINO DE INDIZACION - NO CONTROLADO
Término no controlado DIFERENCIAS INDIVIDUALES
653 0# - TERMINO DE INDIZACION - NO CONTROLADO
Término no controlado HABILIDAD LECTORA
700 ## - ASIENTO SECUNDARIO--NOMBRE DE PERSONAL
Nombre de persona CUETOS, Fernando, coaut.
904 ## - ELEMENTOS DE DATOS D LOCAL, LDD (RLIN)
a AC
b 010432
905 ## - TIPO DE MATERIAL
Tipo de material Articulo

No items available.